000 00442nam a2200181Ia 4500
008 230711s9999||||xx |||||||||||||| ||und||
020 _a978-81-775-8392-2
041 _aENG
082 _a4.6
_bKA-F
100 _aKalakota,Ravi
245 0 _aFrontiers of electronic commerce
250 _a3rd Ed.
260 _c2013
_aNew Delhi
_bPearson
300 _a864p.
650 _aComputer Engineering
700 _aWhinston,Andrew B
942 _cBK
999 _c6014
_d6014